000 00658nam a2200265Ia 4500
008 171025s9999 xx 000 0 und d
020 _a895865831
050 _a332
050 _bH894 1987
100 _aHughes, Theodore
245 4 _aThe parents' financial survival guide /
245 _cby Theodore Hughes and David Klein.
260 _aArizona :
260 _bThe Body Press,
260 _c1987
300 _a227 pages :
300 _billustrations ;
300 _c20cm.
500 _aIncludes index.
650 _aParenting.
650 _aParents --
650 _xFinance, Personal.
700 _aKlein, David.
700 _aTitle.
999 _c344648
_d344648